|
|
|
|
| LEADER |
02377nam a2200349 a 4500 |
| 001 |
5424 |
| 003 |
BD-DhAAL |
| 008 |
100120s1993 inub b 001 0 eng d |
| 999 |
|
|
|c 7058
|d 7058
|
| 010 |
|
|
|a \\\92041794
|
| 020 |
|
|
|a 984051251x
|
| 020 |
|
|
|a 0253341213 (cloth : alk. paper)
|
| 040 |
|
|
|a DLC
|c DLC
|d DLC
|d BD-DhAAL
|
| 082 |
0 |
0 |
|a 954.92
|2 20
|
| 100 |
1 |
|
|a Novak, James J.
|q (James Jeremiah)
|9 38271
|
| 245 |
1 |
0 |
|a Bangladesh :
|b reflections on the water /
|c James J. Novak.
|
| 260 |
|
|
|a Bloomington, IN :
|b Indiana University Press,
|c c1993.
|
| 300 |
|
|
|a xv, 235 pages :
|b illustrations, map ;
|c 22 cm.
|
| 490 |
0 |
4 |
|a The Essential Asia series
|
| 504 |
|
|
|a Includes bibliographical references (pages [222]-228) and index.
|
| 526 |
|
|
|a BIED
|
| 541 |
1 |
|
|a Complimentary copy from BIED, Donated By Akbar Ali Khan
|e 5424, 35973, 38583
|
| 651 |
|
0 |
|a Bangladesh.
|9 38272
|
| 852 |
4 |
|
|a Ayesha Abed Library
|c General Stacks
|
| 942 |
|
|
|2 ddc
|c BK
|
| 952 |
|
|
|0 0
|1 0
|2 ddc
|4 0
|6 954_920000000000000_NOV_1994
|7 0
|9 7325
|a BRACUL
|b BRACUL
|c CIR
|d 2010-01-21
|g 200.00
|l 2
|m 2
|o 954.92 NOV
|p 3010005424
|r 2019-05-12
|s 2019-04-23
|t 1
|w 2010-01-21
|y 1HOUR
|x According to Gazi Md. Mizanur Rahman (Assistant Professor, ENH) instruction, the book has been reserved as one hour loan.
|
| 952 |
|
|
|0 0
|1 0
|2 ddc
|4 0
|6 954_920000000000000_NOV
|7 0
|9 7327
|a BRACUL
|b BRACUL
|c GEN
|d 2010-01-21
|l 3
|m 25
|o 954.92 NOV
|p 3010012830
|r 2020-01-16
|s 2016-08-29
|t 2
|w 2010-01-21
|y BK
|x Price not available in Register
|
| 952 |
|
|
|0 0
|1 0
|2 ddc
|4 0
|6 954_920000000000000_NOV
|7 0
|9 20224
|a C3ER
|b C3ER
|c GEN
|d 2012-05-21
|g 300.00
|l 2
|m 5
|o 954.92 NOV
|p 3010025226
|r 2015-11-08
|s 2014-02-24
|t 3
|w 2012-05-21
|y BK
|
| 952 |
|
|
|0 0
|1 0
|2 ddc
|4 0
|6 954_920000000000000_NOV
|7 0
|9 43193
|a SCL
|b SCL
|c GEN
|d 2005-02-13
|g 200.00
|l 1
|o 954.92 NOV
|p 3020005143
|r 2022-03-12
|s 2022-03-12
|t 4
|w 2014-07-16
|y BK
|
| 952 |
|
|
|0 0
|1 0
|2 ddc
|4 0
|6 954_920000000000000_NOV
|7 0
|9 53329
|a SCL
|b SCL
|c GEN
|d 2015-03-30
|g 200.00
|l 6
|m 21
|o 954.92 NOV
|p 3020000549
|r 2022-11-16
|s 2022-11-01
|t 5
|w 2015-03-30
|y BK
|
| 952 |
|
|
|0 0
|1 0
|2 ddc
|4 0
|6 954_920000000000000_NOV
|7 0
|9 67436
|a BRACUL
|b BRACUL
|c GEN
|d 2019-12-11
|e Complimentary copy from BIED
|l 1
|m 10
|o 954.92 NOV
|p 3010035973
|r 2025-01-02
|s 2024-10-30
|t 6
|w 2019-12-11
|y BK
|x Transferred from BIED to General Stacks
|
| 952 |
|
|
|0 0
|1 0
|2 ddc
|4 0
|6 954_920000000000000_NOV
|7 1
|9 71715
|a BRACUL
|b BRACUL
|c AAKC
|d 2022-08-22
|e Donated by Akbar Ali Khan
|l 0
|o 954.92 NOV
|p 3010038583
|r 2022-08-22
|t 7
|w 2022-08-22
|y BK
|